00887cas a22002777ar450000500170000000800410001701000100005801100100006802200140007803500100009224500640010226000760016630000070024231000140024936200210026365000450028478000530032978500190038286600220040186600220042386600290044586600340047486600340050886600340054286600330057620220329142019.0980217d19641994uk br p rnn 0 0b0eng d a77059 a78031 a0003-3561 a8783500aAnimal Productionc/by British Society of Animal Production0 aMidlothian, England :bBritish Society of Animal Production,c1964-1994 av. aBimestral av.58 Part.1,199414aGanaderíaxPublicaciones periódicas. tProceedings British Society of Animal Production tAnimal Science av.12 n.1-2 (1970) av.13 n.1-2 (1971) av.14 n.1-v.15 n.3 (1972) av.16 n.2-v.19 n.3 (1973-1974) av.20 n.2-v.29 n.3 (1975-1979) av.32 n.1-v.59 n.3 (1981-1994) av.6 n.1-v.11 n.2 (1964-1969)